000 00321nam a2200133Ia 4500
008 240624s9999 xx 000 0 und d
041 _aeng
082 _a158.5 MIL
100 _aMILLS HARRY A
245 _aCLINCH THAT DEAL
260 _c1991
_aEngland
_bGower
300 _axii, : 205 : p. : cm. ; 23
365 _cBPS
_b30
999 _c16292
_d16292